000 00588nam a2200217Ia 4500
005 20220929150904.0
008 131103s9999 xx 000 0 und d
020 _a716709406
040 _aLoreto College
041 _aEnglish
082 _a150
_bATK
100 _aAtkinson, Richard C.
245 _aContemporary psychology
_cRichard C. Atkinson
260 _aSan Fransico
_bW. H. Freeman
_c1971
300 _aviii,484p
504 _aIncludes bibliographical references and index
650 _aPsychology
651 _aContemporary Psychology
850 _aLCLIB
942 _cBK
999 _c18763
_d69242